000 004220000a22001690004500
003 MACL
005 20151227125726.0
008 151227b xxu||||| |||| 00| 0 eng d
040 _aMACL
_cmacl
041 _aEnglish
082 _a020.92/GUJ
100 _aGujrati, B S
_923105
245 _aLibrarianship
260 _bLakshmi Book Store
_c1964
_aNew Delhi
650 _aLib. Science
_923134
942 _cBK
_k020.92/Guj
_2ddc
999 _c35897
_d35897